000 00509nam a2200193 a 4500
001 33379
005 20180714001258.0
008 140415s1978 sp 000 0 spa d
020 _a8423907740
041 _aspa
082 _a860
_bCER
100 1 _aCERVANTES SAAVEDRA, MIGUEL DE
245 1 3 _aEL CERCO DE NUMANCIA :
_bEL GALLARDO ESPAÑOL
250 _a5a ed.
260 _aESPAÑA :
_bESPASA-CALPE,
_c1978
300 _a149
490 _aAUSTRAL
_v774
650 1 4 _aLITERATURA ESPAOLA
999 _c33379
_d33379